Castellano: segundo curso

Guardado en:
Detalles Bibliográficos
Autor principal: Lacau, María Hortensiaa, Profesora de castellano y literatura Manacorda de Rosetti, Mabel Va, Profesora de castellano y literatura
Formato: Desconocido
Lenguaje:español
Publicado: Buenos Aires Kapelusz 1962
Catálogo:MANES:  Resultados de Búsqueda del Catálogo
Clasificación de libros de texto:
Etiquetas: Agregar Etiqueta
Sin Etiquetas, Sea el primero en etiquetar este registro!
Añadido a:2016-04-26
Cambiado en:2025-05-07

MARC

LEADER 000000000a22000000004500
001 36168
003 OSt
005 20250507125813.0
008 160427s ar ||||| |||| 00| 0 spa d
041 |a Español 
561 |5 ar-DOCE  |a Argentina. Biblioteca del Docente  |k MANES 
690 0 |a LEN 
691 0 |a SE 
100 1 |a Lacau, María Hortensiaa, Profesora de castellano y literatura  |9 18467  |a Manacorda de Rosetti, Mabel Va, Profesora de castellano y literatura  |9 18468 
245 0 0 |a Castellano: segundo curso 
260 3 |a Buenos Aires  |b Kapelusz  |c 1962 
300 |a 226 p.  |c 15 x 20 cm. 
500 |a Signatura topografica: HTA 1962 LACc. De acuerdo con el programa de segundo año del ciclo básico y escuelas de comercio. Lacau, María Hortensia Profesora de castellano y literatura del Colegio Nacional de Buenos Aires y de la Escuela Superior de Comercio Carlos Pellegrini. Manacorda de Rosetti, Mabel V. Profesora de castellano y literatura del Colegio Nacional de Buenos Aires y del Colegio Nacional Mariano Moreno. 
942 |2 ddc  |c BK 
546 |a Argentina 
999 |c 39740  |d 39740 
999 |c manes:39740  |d 39740